Athletic Bilbao 2019/2020 Squad - Statistics

General Stats
  • This quiz has been taken 38 times
    31 since last reset
  • The average score is 19 of 30
Answer Stats
No. Answer % Correct
22 Spain (MF) Raúl García
92%
10 Spain (FW) Iker Muniain
88%
9 Spain (FW) Iñaki Williams
88%
4 Spain (DF) Iñigo Martínez
83%
1 Spain (GK) Unai Simón
83%
21 Spain (DF) Ander Capa
79%
20 Spain (FW) Aritz Aduriz
79%
14 Spain (MF) Dani García
79%
5 Spain (DF) Yeray Álvarez
79%
24 Spain (DF) Mikel Balenziaga
75%
6 Spain (MF) Mikel San José
75%
18 Spain (DF) Óscar de Marcos
75%
11 Spain (FW) Iñigo Córdoba
71%
15 Spain (DF) Iñigo Lekue
67%
17 Spain (DF) Yuri Berchiche
67%
13 Spain (GK) Iago Herrerín
63%
34 Spain (MF) Oihan Sancet
63%
8 Spain (MF) Unai López
63%
3 Spain (DF) Unai Núñez
63%
25 Spain (FW) Asier Villalibre
58%
7 Spain (MF) Beñat Etxebarria
58%
2 Romania (DF) Cristian Ganea
58%
- Spain (MAN) Gaizka Garitano
58%
23 Bosnia & Herzegovina (FW) Kenan Kodro
58%
16 Spain (MF) Mikel Vesga
54%
30 Spain (FW) Gorka Guruzeta
38%
19 Spain (FW) Ibai Gómez
38%
29 Spain (DF) Daniel Vivian
33%
31 Spain (GK) Jokin Ezkieta
33%
12 Spain (FW) Gaizka Larrazabal
29%
No matching quizzes found
Score Distribution
Percent of People with Each Score
Percentile by Number Answered
Your Score History
You have not taken this quiz since the last reset